Géographie de l'Europe par lettre - Y - Statistiques

Statistiques générales
  • Ce quiz a été pris 215 fois
  • Le résultat moyen est 8 sur 16
Statistiques - réponses
Indice Réponse % Correct
Ancien pays des balkans, sa capitale était Belgrade Yougoslavie
97%
Ville anglaise partageant son nom avec la plus grande ville des États-Unis York
96%
Race de chien originaire du même comté {Yorkshire} terrier
83%
Département d'Île de France Yvelines
82%
Île de Vendée Île d'{Yeu}
75%
Rivière française coulant à Auxerre Yonne
74%
Station balnéaire de Crimée à la conférence éponyme Yalta
68%
Langue germanique autrefois parlée par les communautés juives d'Europe centrale Yiddish
55%
Ville belge, importante ville tisserande au moyen-âge Ypres
34%
Spécialité culinaire à l'origine disputée, revendiquée par la Bulgarie Yaourt
31%
Arbre-monde de la mythologie nordique Yggdrasil
20%
Ville suisse bordant le lac de Neuchâtel Yverdon-les-Bains
19%
Petit fleuve côtier franco-belge, il se jette dans la mer du Nord à Nieuport Yser
17%
"Plus beau village de France" situé au bord du Léman Yvoire
14%
Ville du sud de la Suède, une des plus importante du pays au XVIème siècle Ystad
3%
Treizième ville la plus peuplée de Bulgarie Yambol
2%
Aucun quiz correspondant
Distribution des résultats
% des personnes avec chaque résultat
Percentile par nombre de réponses
Votre historique - résultats
Vous n’avez pas pris ce quiz